000 00687nam a2200253Ia 4500
003 OSt
005 20221007110512.0
006 a|||||r|||| 00| 0
007 ta
008 221006b |||||||| |||| 00| 0 eng d
020 _a0669940291
024 _a21,248
037 _cTextual
040 _aLCO
_cLCO
_beng
041 _2eng
_aeng
082 _aY:5, L4
100 _aTak Jean Van Der
_9707577
245 0 _aAbortion, Fertility, and Changing Legislation
_b An International Review
260 _aToronto
_bLexington Books Canada
_c1974
300 _a141
650 _aABORTION
942 _hY:5, L4
_cTEXL
999 _c1190811
_d1190811